01017nam a22002297a 4500003000900000008004100009040007100050082002300121245010900144260003000253300004500283440005500328505020300383650002600586650001900612650002400631650001300655700002900668700003000697700002800727700003200755AR-CdUCM190425b ||||| |||| 00| 0 spa d aMUNICIPALIDAD PROVINCIAL DEL CUSCOcBIBLIOTECA MUNICIPAL DEL CUSCO aOropesa/N°68/2008 aOropesa :brevista de cultura y educación de opinión y crítica /cAmérico Valer Vargas, Director aCusco.bPantigozo,c2008. a22 páginas. :bilustraciones ;c30 cm. aOropesa.nAño XXVIII, N°LXVIII, diciembre 2008. aContenido: Importancia de la diversidad biológica. -- Día de acción de gracias en USA. -- Ciudad turismo conservación y cultura. -- Pizarro enveneno a los soldados de Atawallpa en Cajamarca. aPolítica cusqueña aCultura andina aSociedad cusqueña aSiglo XX aCanal Astete, Washington aSaloma González, Adolfo aValer Vargas, Alejandro aValenzuela Lovón, Armando